000 00356nam a2200145 a 4500
001 29519
005 20180713232600.0
008 140415s1980 mx 000 0 spa d
041 _aspa
082 _a371.207
_bKEM
245 0 0 _aPLANEAMIENTO DIDACTICO
250 _a1RA
260 _aMEXICO :
_bDIANA,
_c1980
300 _a175
_c15 x 1 x 22
999 _c29519
_d29519